| 000 | 01069nam a22002415i 4500 | ||
|---|---|---|---|
| 001 | 162694 | ||
| 003 | ES-MaACL | ||
| 005 | 20250907063124.0 | ||
| 008 | 050706s1767 it |||| | ita d | ||
| 040 |
_aCAM _bspa _cCAM |
||
| 100 | 1 |
_aPufendorf, Samuel, _cFreiherr von, _d1632-1694 _9131409 |
|
| 245 | 1 | 1 |
_aI doveri dell'uomo e del cittadino _b: tali che a lui dalla legge naturale sono prescritti / _cdi Samuele B. di Pufendorf; dalla versione francese di Giovanni Barbeyrac; tradotti e con molte aggiunte correti ed illustrati da Michele Grandi ...; tomo terzo. |
| 260 |
_aIn Venezia : _bappresso Francesco Pitteri, _c1767. |
||
| 300 |
_a[4], 443, [1] p. : _bil. ; _c4º. |
||
| 597 | _aSign.: []2, A-3H4, 3I6. | ||
| 599 | _aPort. con grab. xil. alegórico. | ||
| 650 | 7 |
_aDerecho natural _2embne _911744 |
|
| 650 | 7 |
_aDerecho civil _2embne _911656 |
|
| 700 | 1 |
_aBarbeyrac, Jean. _9125802 |
|
| 700 | 1 |
_aGrandi, Michele. _9127529 |
|
| 852 |
_aES-MaACL _jR-1119-21 _z-- Enc. perg. con cierres de cuero _x-- Olim: G-9961-3 |
||
| 999 |
_c162694 _d162694 |
||